Central Library OPAC University of Rajshahi

Iran : (Record no. 33960)

MARC details
000 -LEADER
fixed length control field 00889nam a2200241 a 4500
001 - CONTROL NUMBER
control field 33960
003 - CONTROL NUMBER IDENTIFIER
rucl marc code BD-RjUL
005 - DATE AND TIME OF LATEST TRANSACTION
control field 20211209052103.0
008 - FIXED-LENGTH DATA ELEMENTS--GENERAL INFORMATION
fixed length control field 500101r19641962cau b 000 0 eng d
035 ## - SYSTEM CONTROL NUMBER
System control number (BD-RjUL)34052
040 ## - CATALOGING SOURCE
Original cataloging agency DLC
Transcribing agency WSU
Modifying agency OCL
-- SER
-- UKM
-- EQO
-- BD-RjUL
Language of cataloging eng
041 ## - LANGUAGE CODE
Language code of text/sound track or separate title eng
082 ## - DEWEY DECIMAL CLASSIFICATION NUMBER
Classification number 320.955
Edition number 23
Author mark and year BII 1964
100 1# - MAIN ENTRY--PERSONAL NAME
Personal name Binder, Leonard.
9 (RLIN) 227660
245 10 - TITLE STATEMENT
Title Iran :
Remainder of title political development in a changing society /
Statement of responsibility, etc. by Leonard Binder.
260 ## - PUBLICATION, DISTRIBUTION, ETC. (IMPRINT)
Place of publication, distribution, etc. Berkeley :
Name of publisher, distributor, etc. University of California Press,
Date of publication, distribution, etc. 1962 [Printing 1964]
300 ## - PHYSICAL DESCRIPTION
Pagination xii, 362 p.
Size 24 cm.
500 ## - GENERAL NOTE
General note "Published under the auspices of the Near Eastern Center..."--half-title.
504 ## - BIBLIOGRAPHY, ETC. NOTE
Bibliography, etc Includes bibliographical footnotes and index
651 #0 - SUBJECT ADDED ENTRY--GEOGRAPHIC NAME
Geographic name Iran
General subdivision Politics and government
Chronological subdivision 1945
9 (RLIN) 227661
710 2# - ADDED ENTRY--CORPORATE NAME
Corporate name or jurisdiction name as entry element Gustave E. von Grunebaum Center for Near Eastern Studies.
9 (RLIN) 76531
942 ## - ADDED ENTRY ELEMENTS (KOHA)
Source of classification or shelving scheme Dewey Decimal Classification
Koha item type Rare Books
Holdings
Lost status Source of classification or shelving scheme Damaged status Not for loan Collection code Permanent Location Current Location Shelving location Date acquired Source of acquisition Cost, normal purchase price Total Checkouts Full call number Date last seen Copy number Koha item type
  Dewey Decimal Classification   Not For Loan Rare Books Central Library, University of Rajshahi Central Library, University of Rajshahi Rare Book Section 21/01/1967 Sh. Mohd. Ashraf 37.50   RA 320.955 BII 1964 03/02/2019 C-1 Rare Books